Los sueños mueren al despertar

Shranjeno v:
Bibliografske podrobnosti
Glavni avtor: Galdeano, Miguel (Author)
Format: Knjiga
Jezik:španščina
Izdano: Santiago Universitaria 1992
Izdaja:1a. ed
Teme:
Oznake: Označite
Brez oznak, prvi označite!

MARC

LEADER 00000cam a2200000 a 4500
001 UCE9723
003 CL-VaPUC
008 151106e19920000cl |||||||||||||||||spa|d
082 0 4 |a Ch863  |b GAL  |2 21 
100 0 |a Galdeano, Miguel  |e author  |9 582614 
245 1 4 |a Los sueños mueren al despertar 
250 |a 1a. ed 
300 |a 127 p 
942 |c BK 
945 |d 20151106 14:16:00  |a dcastane 
260 |a Santiago  |b Universitaria  |c 1992 
650 0 |a Novelas chilenas   |9 265425 
650 0 |a Literatura chilena   |9 308278 
583 |a last modification  |c 20151106 14:16:00  |k Rodrigo Vera 
999 |c 361368  |d 361366 
952 |0 0  |1 0  |3 erb  |4 0  |6 CH_863_000000000000000_GAL_1992  |7 0  |8 A  |9 471810  |a BIBEDU  |b BIBEDU  |i 5210348  |o Ch863 GAL 1992  |p 5210348  |r 2019-11-24  |w 2019-11-24  |y BK  |z Catalogado en:20151106  |k EDU